| Поле | Название | Значение |
| |
Тип записи |
i |
| |
Библиографический уровень |
m |
| 001 |
Контрольный номер |
RU/IS/BASE/395412878 |
| 005 |
Дата корректировки |
20201206204832.2 |
| 010 |
Индекс ISBN |
__ |
| d |
Цена |
568-00 |
| 101 |
Язык документа |
1_ |
| a |
Язык текста |
rus |
| c |
Язык оригинала |
eng |
| 200 |
Заглавие и сведения об ответственности |
1_ |
| a |
Заглавие |
Чародей |
| e |
Сведения, относящиеся к заглавию |
[роман : аудиокнига] |
| f |
Первые сведения об ответственности |
Уилбур Смит ; [пер. О. Колесников ; читает Кирилл Радциг] |
| b |
Общее обозначение материала |
Звукозапись |
| 210 |
Выходные данные |
__ |
| a |
Место издания |
М. |
| c |
Издательство |
Аудиокнига |
| d |
Дата издания |
2010 |
| 215 |
Физическое описание |
__ |
| a |
Объем |
2 электрон. опт. диска (Audio CD) (28 ч.) |
| 300 |
Общие примечания |
__ |
| a |
Общие примечания |
128 kbps ; CD-плеер с поддержкой MP3 или Pentium-233 с Windows 9x-XP ; CD-ROM ; звуковая карта |
| 323 |
Примечание о главных создателях, исполнителях, участниках |
__ |
| a |
Примечание о главных создателях, исполнителях, участниках |
Радциг, К. (читает) |
| 330 |
Аннотация |
__ |
| a |
Аннотация |
Война, на долгие годы расколовшая землю великого Ра, закончена. Армия безжалостных варваров-гиксосов отброшена от границ... В Древнем Египте наконец воцарился мир и покой? Увы, нет. Во дворце проросли семена заговора. Фараон убит, и теперь кинжалы мятежников направлены на его наследника, принца Нефера. У заговорщиков есть власть, сила и золото, а значит, число их сторонников неуклонно растет. Но на помощь юному принцу приходит Таита, таинственный чародей, обладающий умом и хитростью прирожденного царедворца и поразительным даром общения с древними богами… |
| 333 |
Примечание о целевом назначении |
__ |
| a |
Примечание о целевом назначении |
16+. Для детей старше 16 лет |
| 606 |
Тематические рубрики |
__ |
| a |
Основная рубрика |
Художественная литература |
| 606 |
Тематические рубрики |
__ |
| a |
Основная рубрика |
Литература Европы (произведения) |
| 606 |
Тематические рубрики |
__ |
| a |
Основная рубрика |
Литература Африки (произведения) |
| 610 |
Ключевые слова |
__ |
| a |
Ключевые слова |
английская литература; зарубежная литература; современная литература; иностранная литература; романы; остросюжетные романы; исторические романы; южноафриканская литература; тема фараонов |
| 686 |
Индексы других классификаций |
__ |
| a |
Классификационный индекс |
84(6Южн)6-4я04 |
| 686 |
Индексы других классификаций |
__ |
| a |
Классификационный индекс |
84(4Вел)6-4я04 |
| 700 |
Автор |
_1 |
| a |
Фамилия |
Смит |
| b |
Имя |
У. |
| g |
Полное личное имя |
Уилбур |
| 4 |
Код отношения |
070 |
| 702 |
Вторичная интеллектуальная ответственность |
_1 |
| a |
Фамилия |
Колесников |
| b |
Имя |
О. |
| 4 |
Код отношения |
Переводчик |
| 4 |
Код отношения |
730 |
| 801 |
Источник записи |
_0 |
| a |
Страна |
RU |
| b |
Организация |
Муниципальное бюджетное учреждение культуры "Централизованная библиотечная система" г. Сургут (Центральная городская библиотека им. А. С. Пушкина) |
| g |
Правила каталогизации |
КиК/Лукашук |
| 801 |
Источник записи |
_1 |
| a |
Страна |
RU |
| b |
Организация |
Муниципальное бюджетное учреждение культуры "Централизованная библиотечная система" г. Сургут (Центральная городская библиотека им. А. С. Пушкина) |
| g |
Правила каталогизации |
КиК/Лукашук |
| 852 |
Данные о местонахождении |
__ |
| j |
Шифр хранения |
84(6Южн)6-4я04 |
| i |
Авторский знак |
С 50 |
| 901 |
Тип документа |
__ |
| t |
Тип документа |
0 |
| 903 |
Характеристики (МАРС) |
__ |
| a |
Дата передачи |
20120712 |
| 969 |
Тип издания |
__ |
| a |
Тип издания |
аудиокнига |
| 990 |
Данные о заказе (DOS) |
__ |
| j |
Количество экземпляров (DOS) |
5 |
| h |
N записи в КСУ для Б/У (DOS) |
201207 |